<?xml version="1.0" encoding="UTF-8"?><?xml-stylesheet type="text/xsl" href="static/style.xsl"?><OAI-PMH xmlns="http://www.openarchives.org/OAI/2.0/" xmlns:xsi="http://www.w3.org/2001/XMLSchema-instance" xsi:schemaLocation="http://www.openarchives.org/OAI/2.0/ http://www.openarchives.org/OAI/2.0/OAI-PMH.xsd"><responseDate>2026-04-18T00:30:27Z</responseDate><request verb="GetRecord" identifier="oai:www.recercat.cat:20.500.12327/2730" metadataPrefix="marc">https://recercat.cat/oai/request</request><GetRecord><record><header><identifier>oai:recercat.cat:20.500.12327/2730</identifier><datestamp>2025-10-22T10:55:29Z</datestamp><setSpec>com_2072_4428</setSpec><setSpec>com_2072_4427</setSpec><setSpec>col_2072_487896</setSpec></header><metadata><record xmlns="http://www.loc.gov/MARC21/slim" xmlns:dcterms="http://purl.org/dc/terms/" xmlns:xsi="http://www.w3.org/2001/XMLSchema-instance" xmlns:doc="http://www.lyncode.com/xoai" xsi:schemaLocation="http://www.loc.gov/MARC21/slim http://www.loc.gov/standards/marcxml/schema/MARC21slim.xsd">
   <leader>00925njm 22002777a 4500</leader>
   <datafield ind2=" " ind1=" " tag="042">
      <subfield code="a">dc</subfield>
   </datafield>
   <datafield ind2=" " ind1=" " tag="720">
      <subfield code="a">Sagrera, Mònica</subfield>
      <subfield code="e">author</subfield>
   </datafield>
   <datafield ind2=" " ind1=" " tag="720">
      <subfield code="a">Sibila, Marina</subfield>
      <subfield code="e">author</subfield>
   </datafield>
   <datafield ind2=" " ind1=" " tag="720">
      <subfield code="a">Garza, Laura</subfield>
      <subfield code="e">author</subfield>
   </datafield>
   <datafield ind2=" " ind1=" " tag="720">
      <subfield code="a">Espigares, David</subfield>
      <subfield code="e">author</subfield>
   </datafield>
   <datafield ind2=" " ind1=" " tag="720">
      <subfield code="a">Segalés, Joaquim</subfield>
      <subfield code="e">author</subfield>
   </datafield>
   <datafield ind2=" " ind1=" " tag="260">
      <subfield code="c">2023-12-29</subfield>
   </datafield>
   <datafield ind2=" " ind1=" " tag="520">
      <subfield code="a">Circovirus porcino 2 (PCV-2) es uno de los patógenos más relevantes que afecta a los cerdos a nivel&#xd;
mundial, dando lugar a varias patologías que se pueden prevenir mediante el uso de vacunas. Estos&#xd;
productos representan el método de control más efectivo de las infecciones por PCV-2 y se pueden&#xd;
administrar a lechones, cerdas, o ambos, siendo la vacunación de lechones junto con la vacunación&#xd;
de la reposición la práctica más común. Su eícacia se puede monitorizar mediante el uso de qPCR y&#xd;
ELISA. Para poder maximizar el potencial de la vacunación y evitar pérdidas económicas, es crucial&#xd;
determinar el momento óptimo de administración de la vacuna. Este artículo de revisión contempla&#xd;
diferentes escenarios de vacunación basados en diversos momentos de aplicación y combinaciones&#xd;
de grupos de edad, teniendo en cuenta el momento de gestación de las cerdas y edad de los&#xd;
lechones, con el objetivo de ofrecer información útil para una estrategia de vacunación efectiva.</subfield>
   </datafield>
   <datafield ind1="8" ind2=" " tag="024">
      <subfield code="a">http://hdl.handle.net/20.500.12327/2730</subfield>
   </datafield>
   <datafield ind2="0" ind1="0" tag="245">
      <subfield code="a">Circovirus porcino 2: ¿a quién y cuándo vacunar y cómo lo puedo monitorizar?</subfield>
   </datafield>
</record></metadata></record></GetRecord></OAI-PMH>